[Event "FIDE WCC Blitz Women 2019"]
[Site "Moscow"]
[Date "2019.12.30"]
[Round "15.8"]
[White "Gunina, Valentina"]
[Black "Harika, Dronavalli"]
[Result "1-0"]
[WhiteElo "2366"]
[BlackElo "2445"]
[Annotator "TA"]
[PlyCount "201"]
[EventDate "2019.12.29"]
[EventType "swiss"]
[EventCountry "RUS"]
[SourceTitle "playchess.com"]
[Source "ChessBase"]
[SourceQuality "1"]

1. d4 d6 2. e4 Nf6 3. Nc3 g6 4. Nf3 c6 5. Be2 Bg7 6. h3 Qc7 7. e5 Nd5 8. exd6 Qxd6 9. Nxd5 cxd5 10. O-O O-O 11. Be3 Nc6 12. Qd2 Bf5 13. c3 a6 14. Bf4 Qd7 15. Rfe1 Rfe8 16. Nh4 Be6 17. Bd3 f6 18. Bh6 Bf7 19. Bxg7 Kxg7 20. Qe3 e5 21. dxe5 fxe5 22. Qg3 Kh8 23. Rad1 Rad8 24. Nf3 Qe7 25. Ng5 Kg7 26. Bc2 Bg8 27. Nf3 Qf6 28. Nh2 Qf4 29. Qxf4 exf4 30. Nf3 Kf6 31. Rxe8 Rxe8 32. Kf1 g5 33. Bb3 Rd8 34. Rd2 h5 35. h4 gxh4 36. Nxh4 Ne5 37. Rd4 Kg5 38. g3 fxg3 39. fxg3 Be6 40. Kg2 Nc6 41. Rf4 Bg4 42. Rf7 d4 43. cxd4 Rxd4 44. Kf2 Rd2+ 45. Ke3 Rxb2 46. Rxb7 Na5 47. Rg7+ Kh6 48. Rg6+ Kh7 49. Bg8+ Kh8 50. Bd5 Rb4 51. Rg8+ Kh7 52. Ng6 Nc4+ 53. Kd3 Bf5+ 54. Kc3 Nb6 55. Nf8+ Kh6 56. Kxb4 Nxd5+ 57. Ka5 Nc3 58. a3 Nd5 59. Rh8+ Kg7 60. Rxh5 Ne7 61. Kxa6 Kxf8 62. a4 Bd3+ 63. Kb6 Kf7 64. a5 Kg6 65. Re5 Nf5 66. a6 Bxa6 67. Kxa6 Nxg3 68. Kb5 Nf5 69. Kc5 Kf6 70. Re1 Kg5 71. Kd5 Ng3 72. Ke5 Kg4 73. Ra1 Kf3 74. Ra4 Ne2 75. Ra3+ Kf2 76. Ke4 Ng3+ 77. Kf4 Ne2+ 78. Kg4 Ke1 79. Kf3 Nd4+ 80. Ke4 Nc2 81. Rh3 Kd2 82. Rg3 Ne1 83. Re3 Nc2 84. Rd3+ Kc1 85. Rd8 Kb2 86. Kd3 Nb4+ 87. Kc4 Nc2 88. Rd2 Kc1 89. Kc3 Ne3 90. Re2 Nd5+ 91. Kc4 Nf4 92. Rf2 Nh3 93. Rf3 Ng5 94. Re3 Kd2 95. Kd4 Kc2 96. Ke5 Nf7+ 97. Ke6 Nd8+ 98. Kd5 Nb7 99. Ra3 Kb2 100. Ra8 Kc2 101. Kc6 1-0

[Event "FIDE WCC Blitz Women 2019"]
[Site "Moscow"]
[Date "2019.12.30"]
[Round "15.9"]
[White "Dzagnidze, Nana"]
[Black "Arabidze, Meri"]
[Result "0-1"]
[WhiteElo "2432"]
[BlackElo "2412"]
[Annotator "NA"]
[PlyCount "54"]
[EventDate "2019.12.29"]
[EventType "swiss"]
[EventCountry "RUS"]
[SourceTitle "playchess.com"]
[Source "ChessBase"]
[SourceQuality "1"]

1. c4 e6 2. Nf3 d5 3. e3 Nf6 4. b3 c5 5. cxd5 exd5 6. Bb2 Nc6 7. Bb5 Bd6 8. h3 O-O 9. O-O Bd7 10. Nc3 Re8 11. d4 cxd4 12. Nxd4 Qe7 13. Nf3 a6 14. Bxc6 bxc6 15. Rc1 Be6 16. Na4 c5 17. Bxf6 gxf6 18. Kh1 Rad8 19. Qd3 Kh8 20. Qxa6 Rg8 21. Rg1 c4 22. bxc4 Bxh3 23. cxd5 Qe4 24. Qc4 Bxg2+ 25. Rxg2 Qxf3 26. Qf1 Qh3+ 27. Kg1 Qh2# 0-1

[Event "FIDE WCC Blitz Women 2019"]
[Site "Moscow"]
[Date "2019.12.30"]
[Round "15.10"]
[White "Saduakassova, Dinara"]
[Black "Sargsyan, Anna"]
[Result "1-0"]
[WhiteElo "2390"]
[BlackElo "1708"]
[Annotator "NA"]
[PlyCount "67"]
[EventDate "2019.12.29"]
[EventType "swiss"]
[EventCountry "RUS"]
[SourceTitle "playchess.com"]
[Source "ChessBase"]
[SourceQuality "1"]

1. d4 d5 2. c4 c6 3. Nf3 Nf6 4. e3 Bg4 5. Nc3 e6 6. Qb3 Qc7 7. Nh4 Nbd7 8. h3 Bh5 9. Bd2 Be7 10. Rc1 Ne4 11. Nf3 Bxf3 12. gxf3 Nxd2 13. Kxd2 dxc4 14. Bxc4 O-O 15. Kc2 a5 16. Kb1 Bh4 17. Qc2 Kh8 18. Rhg1 Qh2 19. Ne4 Qc7 20. Rg4 Bf6 21. Rcg1 g6 22. h4 Bg7 23. R4g2 e5 24. h5 exd4 25. hxg6 fxg6 26. Ng5 Ne5 27. Ne6 Qf7 28. Nxf8 Nxc4 29. Nxh7 d3 30. Qxd3 Nxb2 31. Qxg6 Qxg6+ 32. Rxg6 Bc3 33. Kc2 Na4 34. Nf6 1-0

[Event "FIDE WCC Blitz Women 2019"]
[Site "Moscow"]
[Date "2019.12.30"]
[Round "15.12"]
[White "Buksa, Nataliya"]
[Black "Zhukova, Natalia"]
[Result "1-0"]
[WhiteElo "2356"]
[BlackElo "2239"]
[Annotator "NA"]
[PlyCount "103"]
[EventDate "2019.12.29"]
[EventType "swiss"]
[EventCountry "RUS"]
[SourceTitle "playchess.com"]
[Source "ChessBase"]
[SourceQuality "1"]

1. e4 e5 2. Nf3 Nc6 3. d4 exd4 4. Bc4 Nf6 5. e5 d5 6. Bb5 Ne4 7. Nxd4 Bd7 8. Bxc6 bxc6 9. O-O Be7 10. f3 Nc5 11. Be3 O-O 12. Nd2 Re8 13. Bf2 f6 14. exf6 Bxf6 15. Rb1 Nb7 16. N4b3 Qe7 17. Re1 Qf8 18. Bg3 a5 19. c3 a4 20. Nd4 c5 21. Nc2 Nd6 22. Ne3 c6 23. Qc2 g6 24. Rbd1 Kh8 25. Bxd6 Qxd6 26. Ne4 Qf8 27. Nxf6 Qxf6 28. Qd2 Kg7 29. Nc4 Bf5 30. Ne3 Be6 31. h3 h5 32. Qf2 d4 33. cxd4 cxd4 34. Nc2 c5 35. Na3 Bxa2 36. Qg3 Bb3 37. Qc7+ Qf7 38. Qxc5 Bxd1 39. Rxd1 Red8 40. Nb5 Rac8 41. Qe5+ Qf6 42. Qe4 d3 43. Rxd3 Qb6+ 44. Nd4 Rc1+ 45. Kh2 Qc7+ 46. f4 Kh7 47. Ne6 Rxd3 48. Nxc7 Rdd1 49. Qe7+ Kh6 50. Qf8+ Kh7 51. Ne6 h4 52. Qg7# 1-0

[Event "FIDE WCC Blitz Women 2019"]
[Site "Moscow"]
[Date "2019.12.30"]
[Round "15.13"]
[White "Mammadova, Gulnar"]
[Black "Injac, Teodora"]
[Result "1-0"]
[WhiteElo "2293"]
[BlackElo "2236"]
[Annotator "NA"]
[PlyCount "83"]
[EventDate "2019.12.29"]
[EventType "swiss"]
[EventCountry "RUS"]
[SourceTitle "playchess.com"]
[Source "ChessBase"]
[SourceQuality "1"]

1. e4 e6 2. d4 d5 3. Nc3 Nf6 4. Bg5 Bb4 5. e5 h6 6. Bh4 g5 7. Bg3 Ne4 8. Nge2 h5 9. f3 Nxg3 10. hxg3 Be7 11. Qd2 c5 12. O-O-O Nc6 13. f4 c4 14. g4 h4 15. g3 Rb8 16. Bg2 b5 17. f5 b4 18. Na4 c3 19. Qe3 cxb2+ 20. Kb1 exf5 21. Nc5 fxg4 22. e6 b3 23. cxb3 O-O 24. gxh4 gxh4 25. Rdg1 Bg5 26. Qd3 Qf6 27. Bxd5 g3 28. exf7+ Kg7 29. Ne4 Qg6 30. Bxc6 Bf5 31. N2xg3 hxg3 32. Rxg3 Rxf7 33. Rhg1 Qxc6 34. Rxg5+ Kf8 35. d5 Qc7 36. Rg8+ Ke7 37. d6+ Ke6 38. dxc7 Rxc7 39. Rxb8 Rd7 40. Re8+ Kf7 41. Nd6+ Rxd6 42. Qxf5+ 1-0

[Event "FIDE WCC Blitz Women 2019"]
[Site "Moscow"]
[Date "2019.12.30"]
[Round "15.14"]
[White "Voit, Daria"]
[Black "Gvetadze, Sofio"]
[Result "1/2-1/2"]
[WhiteElo "2293"]
[BlackElo "2202"]
[Annotator "NA"]
[PlyCount "122"]
[EventDate "2019.12.29"]
[EventType "swiss"]
[EventCountry "RUS"]
[SourceTitle "playchess.com"]
[Source "ChessBase"]
[SourceQuality "1"]

1. d4 c5 2. d5 Nf6 3. Nc3 g6 4. e4 d6 5. Bb5+ Nbd7 6. a4 Bg7 7. f4 O-O 8. Nf3 a6 9. Be2 Qc7 10. O-O Rb8 11. h3 Nh5 12. Re1 c4 13. Be3 Ng3 14. a5 Nxe2+ 15. Qxe2 b5 16. axb6 Nxb6 17. Nd4 Na8 18. Ra2 e5 19. Nc6 exf4 20. Bxf4 Rxb2 21. Rxb2 Bxc3 22. Rb8 Bxe1 23. Qxe1 Bb7 24. Rxf8+ Kxf8 25. Qb4 Qb6+ 26. Qxb6 Nxb6 27. Bxd6+ Ke8 28. Na5 Bc8 29. Kf2 f5 30. Bc5 Na4 31. Bd4 fxe4 32. Ke3 c3 33. Kxe4 Bf5+ 34. Ke3 Bxc2 35. Nc4 Bd1 36. Na3 Kd7 37. Kd3 c2 38. Nxc2 Bxc2+ 39. Kxc2 Kd6 40. Kb3 Nc5+ 41. Kc4 Nd7 42. g4 a5 43. Bf2 Ne5+ 44. Kd4 Nf3+ 45. Ke4 Nd2+ 46. Kd3 Nf3 47. Kc4 Ne5+ 48. Kd4 Nf3+ 49. Ke4 Ng5+ 50. Kd4 Nxh3 51. Bg3+ Kd7 52. Kc5 Ng5 53. Kb5 Ne4 54. Be5 h5 55. gxh5 gxh5 56. Kxa5 h4 57. Kb5 h3 58. Kc4 Nd6+ 59. Kd3 Nf5 60. Ke4 Ne7 61. Bh2 Nxd5 1/2-1/2

[Event "FIDE WCC Blitz Women 2019"]
[Site "Moscow"]
[Date "2019.12.30"]
[Round "15.15"]
[White "Balaian, Alina"]
[Black "Socko, Monika"]
[Result "0-1"]
[WhiteElo "2173"]
[BlackElo "2286"]
[Annotator "NA"]
[PlyCount "141"]
[EventDate "2019.12.29"]
[EventType "swiss"]
[EventCountry "RUS"]
[SourceTitle "playchess.com"]
[Source "ChessBase"]
[SourceQuality "1"]

1. e4 c6 2. d4 d5 3. f3 e6 4. Be3 Nf6 5. e5 Nfd7 6. f4 c5 7. c3 Nc6 8. Nf3 a6 9. Bd3 b5 10. O-O Qb6 11. Nbd2 b4 12. Qe2 g6 13. Rac1 a5 14. a4 Ba6 15. Bxa6 Qxa6 16. Qf2 c4 17. Qh4 Be7 18. Qh6 O-O-O 19. b3 bxc3 20. Rxc3 Bb4 21. Rc2 c3 22. Rfc1 Qd3 23. f5 gxf5 24. Ne1 Qa6 25. Nb1 Kb7 26. Nxc3 Rc8 27. Nb5 Qb6 28. Nd3 Be7 29. Qg7 Rhf8 30. Nc5+ Nxc5 31. dxc5 Qd8 32. Nd6+ Ka7 33. Nxc8+ Qxc8 34. Qg3 Qc7 35. Qe1 Rg8 36. Bf4 Rg4 37. g3 h5 38. h3 Rg8 39. Kh2 d4 40. Qe2 h4 41. Qf3 hxg3+ 42. Bxg3 Rd8 43. Rd2 Rd5 44. Rdc2 Qb7 45. h4 Qb4 46. h5 d3 47. Rc4 Qxb3 48. R4c3 Qb2+ 49. Qf2 d2 50. R3c2 dxc1=Q 51. Rxb2 Qxc5 52. Qxc5+ Bxc5 53. h6 f4 54. Bxf4 Bd4 55. Rc2 Nxe5 56. Rc7+ Kb6 57. h7 Ng6 58. Rxf7 Nxf4 59. Rxf4 Bb2 60. Rh4 Rd8 61. Kg3 Rh8 62. Rh6 Re8 63. Kf3 Kc5 64. Rh5+ Kc4 65. Rxa5 Rh8 66. Rh5 e5 67. Ke4 Bd4 68. a5 Kb5 69. Rh6 Kxa5 70. Rh1 Kb4 71. Rh3 0-1

[Event "FIDE WCC Blitz Women 2019"]
[Site "Moscow"]
[Date "2019.12.30"]
[Round "15.16"]
[White "Girya, Olga"]
[Black "Gaponenko, Inna"]
[Result "0-1"]
[WhiteElo "2337"]
[BlackElo "2415"]
[Annotator "NA"]
[PlyCount "108"]
[EventDate "2019.12.29"]
[EventType "swiss"]
[EventCountry "RUS"]
[SourceTitle "playchess.com"]
[Source "ChessBase"]
[SourceQuality "1"]

1. d4 d5 2. c4 dxc4 3. e3 Nf6 4. Bxc4 e6 5. Nf3 c5 6. O-O Nc6 7. a3 a6 8. dxc5 Qxd1 9. Rxd1 Bxc5 10. b4 Be7 11. Bb2 O-O 12. Nc3 b5 13. Be2 Bb7 14. Rac1 Rfd8 15. h3 Rxd1+ 16. Rxd1 Rd8 17. Rxd8+ Bxd8 18. Nd2 Ne7 19. Nb3 Ned5 20. Nc5 Bc8 21. Kf1 Be7 22. Nb1 a5 23. Bxb5 axb4 24. axb4 Nxb4 25. Nb3 Bb7 26. N1d2 Kf8 27. Nd4 Ne4 28. Nxe4 Bxe4 29. Bc3 Bb7 30. Ke2 Bxg2 31. h4 Nd5 32. Bd2 Bxh4 33. f3 Bh3 34. e4 Nc7 35. Bd3 e5 36. Nc6 f6 37. Bb4+ Ke8 38. Bc4 Be6 39. Bd3 Bg3 40. Ba5 Kd7 41. Nb8+ Kc8 42. Nc6 h5 43. Bb4 h4 44. Bf8 g5 45. Bg7 Ne8 46. Na7+ Kb7 47. Nb5 Nxg7 48. Nd6+ Kc6 49. Nb5 h3 50. Kf1 g4 51. fxg4 Bxg4 52. Nc3 Bf3 53. Ne2 Bf4 54. Kg1 h2+ 0-1

[Event "FIDE WCC Blitz Women 2019"]
[Site "Moscow"]
[Date "2019.12.30"]
[Round "15.17"]
[White "Guichard, Pauline"]
[Black "Muzychuk, Mariya"]
[Result "0-1"]
[WhiteElo "2335"]
[BlackElo "2344"]
[Annotator "NA"]
[PlyCount "126"]
[EventDate "2019.12.29"]
[EventType "swiss"]
[EventCountry "RUS"]
[SourceTitle "playchess.com"]
[Source "ChessBase"]
[SourceQuality "1"]

1. c4 c5 2. Nf3 Nc6 3. e3 Nf6 4. Nc3 g6 5. d4 cxd4 6. exd4 d5 7. cxd5 Nxd5 8. Qb3 e6 9. Bb5 Bg7 10. Bg5 f6 11. Bd2 O-O 12. O-O Qd6 13. Rfe1 Nxc3 14. bxc3 Bd7 15. Bc4 Na5 16. Bxe6+ Bxe6 17. Qxe6+ Qxe6 18. Rxe6 Nc4 19. Re7 Rf7 20. Rae1 Rc8 21. Re8+ Rf8 22. Rxc8 Rxc8 23. Re7 Nxd2 24. Nxd2 Rxc3 25. Rxb7 Rc2 26. Nb3 Rxa2 27. d5 Bf8 28. g3 a5 29. Rb8 Kf7 30. Rb7+ Kg8 31. Nd4 Rd2 32. Ne6 Bb4 33. Rb5 Kf7 34. Kg2 Ke7 35. Kf3 Kd6 36. Nf4 g5 37. Rb6+ Kd7 38. Ne2 Rxd5 39. Rxf6 a4 40. Ra6 a3 41. Nc1 Rc5 42. Na2 Be1 43. Rxa3 Rc2 44. Rd3+ Kc6 45. Kg4 Rxa2 46. Kxg5 Rxf2 47. h4 Bd2+ 48. Kh5 Rf5+ 49. Kg4 Rd5 50. Rxd5 Kxd5 51. Kf5 Be1 52. Kg5 Bd2+ 53. Kf6 Ke4 54. g4 Bc3+ 55. Kg5 Bg7 56. h5 Bf8 57. Kf6 Kf4 58. g5 Bb4 59. g6 h6 60. g7 Bc3+ 61. Kg6 Bxg7 62. Kxg7 Kg5 63. Kf7 Kxh5 0-1

[Event "FIDE WCC Blitz Women 2019"]
[Site "Moscow"]
[Date "2019.12.30"]
[Round "15.18"]
[White "Shuvalova, Polina"]
[Black "Fataliyeva, Ulviyya"]
[Result "1-0"]
[WhiteElo "2302"]
[BlackElo "2108"]
[Annotator "NA"]
[PlyCount "75"]
[EventDate "2019.12.29"]
[EventType "swiss"]
[EventCountry "RUS"]
[SourceTitle "playchess.com"]
[Source "ChessBase"]
[SourceQuality "1"]

1. e4 e6 2. d4 d5 3. Nd2 a6 4. Bd3 c5 5. exd5 exd5 6. dxc5 Bxc5 7. Ngf3 Nf6 8. O-O O-O 9. Nb3 Bb6 10. Re1 Nc6 11. c3 h6 12. Be3 Bc7 13. Qd2 Ne4 14. Qc2 Bf5 15. Nfd4 Bg6 16. f4 Qh4 17. Nf3 Qf6 18. g3 Rfe8 19. Rad1 Rac8 20. Nbd4 Bh5 21. Qg2 Bb6 22. g4 Bg6 23. f5 Bh7 24. Kh1 Nd6 25. g5 Qe7 26. g6 Bxg6 27. fxg6 f6 28. Nxc6 bxc6 29. Bxb6 Qb7 30. Bc5 Ne4 31. Bg1 Rb8 32. Re2 f5 33. Nd4 Qd7 34. Rf1 Rf8 35. Qh3 Rbe8 36. Bxe4 dxe4 37. Rxf5 c5 38. Rxf8+ 1-0

[Event "FIDE WCC Blitz Women 2019"]
[Site "Moscow"]
[Date "2019.12.30"]
[Round "15.19"]
[White "Nurgali, Nazerke"]
[Black "Dordzhieva, Dinara"]
[Result "1-0"]
[WhiteElo "2075"]
[BlackElo "2222"]
[Annotator "NA"]
[PlyCount "107"]
[EventDate "2019.12.29"]
[EventType "swiss"]
[EventCountry "RUS"]
[SourceTitle "playchess.com"]
[Source "ChessBase"]
[SourceQuality "1"]

1. d4 Nf6 2. c4 e6 3. Nf3 d5 4. Nc3 dxc4 5. Bg5 h6 6. Bh4 Bb4 7. e3 b5 8. Be2 Bb7 9. O-O a6 10. a4 c6 11. Qc2 O-O 12. b3 cxb3 13. Qxb3 Be7 14. Rfc1 Nbd7 15. Rab1 Nb6 16. e4 Nbd7 17. e5 Ne8 18. Bxe7 Qxe7 19. Ne4 Rc8 20. Nc5 Nxc5 21. dxc5 Nc7 22. Bd3 Nd5 23. Nd2 Qg5 24. Nf3 Qe7 25. Nd2 Qg5 26. Nf3 Qf4 27. g3 Qg4 28. Nd2 Qg5 29. Nf3 Qg4 30. Nd2 Rfd8 31. Ne4 Nf4 32. Nd6 Rc7 33. Bf1 Ng6 34. Qe3 Bc8 35. a5 Bd7 36. Rd1 Be8 37. Rd4 Qg5 38. f4 Qe7 39. Rbd1 Rcd7 40. Bd3 f6 41. exf6 Qxf6 42. Be4 Ne7 43. Nxe8 Qxd4 44. Rxd4 Rxd4 45. Nd6 Rd1+ 46. Kf2 Nd5 47. Bxd5 exd5 48. Qe6+ Kh7 49. Qf5+ Kg8 50. Qf7+ Kh7 51. Nf5 Rg8 52. Ne7 Rd8 53. Nxc6 Rc8 54. Qf5+ 1-0

[Event "FIDE WCC Blitz Women 2019"]
[Site "Moscow"]
[Date "2019.12.30"]
[Round "15.20"]
[White "Garifullina, Leya"]
[Black "Danielian, Elina"]
[Result "0-1"]
[WhiteElo "2267"]
[BlackElo "2341"]
[Annotator "NA"]
[PlyCount "110"]
[EventDate "2019.12.29"]
[EventType "swiss"]
[EventCountry "RUS"]
[SourceTitle "playchess.com"]
[Source "ChessBase"]
[SourceQuality "1"]

1. e4 d6 2. d4 Nf6 3. Nc3 c6 4. f4 Qa5 5. Nf3 Nxe4 6. Bd2 Nxc3 7. Bxc3 Qc7 8. d5 Nd7 9. dxc6 bxc6 10. Bd3 Nf6 11. Qe2 Nd5 12. Bd2 Rb8 13. c4 Nb4 14. O-O Nxd3 15. Qxd3 Ba6 16. b3 e6 17. Bc3 d5 18. Qe3 Bd6 19. Ne5 O-O 20. Qh3 Bc5+ 21. Kh1 d4 22. Bd2 Bd6 23. Rae1 c5 24. Rf3 Bb7 25. Rg3 Rfe8 26. a3 f6 27. Ng4 Kh8 28. Qh4 Rf8 29. Nf2 g6 30. Nd3 Qc6 31. b4 Rbe8 32. b5 Qc8 33. Rh3 Qd7 34. Nf2 e5 35. f5 gxf5 36. Bh6 Rf7 37. Qh5 Rg8 38. Rg3 Qe8 39. Nh3 f4 40. Nxf4 Rxg3 41. hxg3 Qg8 42. Ne6 Qg6 43. Qh3 f5 44. Ng5 Rf6 45. Rf1 e4 46. g4 f4 47. a4 d3 48. a5 e3 49. a6 Ba8 50. Nf3 Qxh6 51. Qxh6 Rxh6+ 52. Kg1 e2 53. Ra1 Bxf3 54. gxf3 d2 55. b6 e1=Q+ 0-1

[Event "FIDE WCC Blitz Women 2019"]
[Site "Moscow"]
[Date "2019.12.30"]
[Round "15.21"]
[White "Potapova, Margarita"]
[Black "Zatonskih, Anna"]
[Result "0-1"]
[WhiteElo "2259"]
[BlackElo "2374"]
[Annotator "NA RC"]
[PlyCount "84"]
[EventDate "2019.12.29"]
[EventType "swiss"]
[EventCountry "RUS"]
[SourceTitle "playchess.com"]
[Source "ChessBase"]
[SourceQuality "1"]

1. d4 d5 2. c4 e6 3. Nc3 Nf6 4. Nf3 Be7 5. Bf4 O-O 6. e3 b6 7. cxd5 Nxd5 8. Nxd5 exd5 9. Bd3 c5 10. O-O c4 11. Bc2 Nc6 12. Ne5 Nxe5 13. Bxe5 Be6 14. Qh5 f5 15. f4 g6 16. Qh6 Rf7 17. Rf3 Bf8 18. Qh3 b5 19. Rg3 Bg7 20. Bxg7 Kxg7 21. Rg5 h6 22. Rg3 a5 23. Qh5 Qf6 24. Qf3 a4 25. a3 Rb7 26. h4 Qxh4 27. Rh3 Qf6 28. Kf2 h5 29. Qg3 Kf7 30. Qf3 Ke7 31. Qe2 Bf7 32. Qd2 Qd6 33. Rhh1 b4 34. g4 fxg4 35. e4 bxa3 36. bxa3 Rb2 37. exd5 Qxd5 38. Rhe1+ Kf6 39. Re4 Qxe4 40. Bxe4 Rxd2+ 41. Ke3 Re8 42. Kxd2 Rxe4 0-1

[Event "FIDE WCC Blitz Women 2019"]
[Site "Moscow"]
[Date "2019.12.30"]
[Round "15.22"]
[White "Heinemann, Josefine"]
[Black "Matveeva, Svetlana"]
[Result "0-1"]
[WhiteElo "2325"]
[BlackElo "2239"]
[Annotator "NA"]
[PlyCount "126"]
[EventDate "2019.12.29"]
[EventType "swiss"]
[EventCountry "RUS"]
[SourceTitle "playchess.com"]
[Source "ChessBase"]
[SourceQuality "1"]

1. e4 g6 2. d4 Bg7 3. Nf3 d6 4. Bc4 c6 5. O-O d5 6. exd5 cxd5 7. Bb3 Nf6 8. Ne5 O-O 9. c3 Nbd7 10. h3 e6 11. Nd3 b6 12. Re1 Ba6 13. Bf4 Ne4 14. Bc2 Rc8 15. Nd2 Ndf6 16. Be5 Nd6 17. Qf3 Nfe4 18. Bxg7 Kxg7 19. Qd1 Qf6 20. Nxe4 Nxe4 21. f3 Nd6 22. Ne5 Qd8 23. Bd3 Bxd3 24. Qxd3 Nc4 25. Nxc4 Rxc4 26. b3 Rc6 27. c4 Qd6 28. Rac1 dxc4 29. bxc4 Rd8 30. Red1 Qc7 31. h4 h5 32. Rc2 Qf4 33. Qe4 Qc7 34. Qd3 Rcd6 35. d5 Qc5+ 36. Kf1 exd5 37. cxd5 Rxd5 38. Rxc5 Rxd3 39. Rxd3 Rxd3 40. Rc7 Ra3 41. Rc2 Kf6 42. Kf2 Kf5 43. g3 a6 44. Rb2 b5 45. Rc2 Ke6 46. Rd2 b4 47. Kg2 a5 48. g4 Ke5 49. Rc2 Kf4 50. Rc4+ Ke3 51. Re4+ Kd3 52. gxh5 gxh5 53. Re5 Rxa2+ 54. Kg3 b3 55. Rxh5 b2 56. Rb5 Kc2 57. Rc5+ Kd2 58. Rd5+ Ke2 59. Rb5 a4 60. h5 a3 61. h6 Ra1 62. Re5+ Kd3 63. Rd5+ Kc4 0-1

[Event "FIDE WCC Blitz Women 2019"]
[Site "Moscow"]
[Date "2019.12.30"]
[Round "15.23"]
[White "Bulmaga, Irina"]
[Black "Strutinskaia, Galina"]
[Result "1/2-1/2"]
[WhiteElo "2308"]
[BlackElo "2227"]
[Annotator "NA"]
[PlyCount "127"]
[EventDate "2019.12.29"]
[EventType "swiss"]
[EventCountry "RUS"]
[SourceTitle "playchess.com"]
[Source "ChessBase"]
[SourceQuality "1"]

1. e4 c5 2. Be2 Nc6 3. f4 e6 4. Nf3 d5 5. d3 Nf6 6. e5 Nd7 7. O-O Be7 8. c4 Nb6 9. Nc3 O-O 10. Kh1 Bd7 11. cxd5 Nxd5 12. Nxd5 exd5 13. d4 Bf5 14. Bd3 Bxd3 15. Qxd3 cxd4 16. Nxd4 Bc5 17. Nf3 d4 18. Ng5 g6 19. Qh3 h5 20. Ne4 Be7 21. f5 Nxe5 22. fxg6 Qd5 23. gxf7+ Rxf7 24. Rxf7 Qxf7 25. Bg5 Rf8 26. Kg1 Bxg5 27. Qg3 Qf5 28. Qxg5+ Qxg5 29. Nxg5 Nc4 30. Nf3 d3 31. b3 Ne3 32. Kf2 Ng4+ 33. Ke1 Re8+ 34. Kd2 Re2+ 35. Kxd3 Rxg2 36. Re1 Rxa2 37. Re7 b6 38. h4 Nf2+ 39. Kc4 Rc2+ 40. Kb5 Rc3 41. Nd4 Rd3 42. Kc4 Rh3 43. Rxa7 Rxh4 44. Rb7 Re4 45. Rxb6 h4 46. Kd5 Re3 47. Nf5 Re4 48. b4 h3 49. Rh6 Rxb4 50. Ke6 Nd3 51. Rg6+ Kh7 52. Rg1 h2 53. Rh1 Rb2 54. Ne3 Nf4+ 55. Kf5 Nh5 56. Kg4 Nf6+ 57. Kg3 Ne4+ 58. Kf3 Ng5+ 59. Kg3 Ne4+ 60. Kf3 Ng5+ 61. Kg3 Ne4+ 62. Kf3 Ng5+ 63. Kg3 Ne4+ 64. Kf3 1/2-1/2

[Event "FIDE WCC Blitz Women 2019"]
[Site "Moscow"]
[Date "2019.12.30"]
[Round "15.24"]
[White "Hejazipour, Mitra"]
[Black "Kashlinskaya, Alina"]
[Result "0-1"]
[WhiteElo "2191"]
[BlackElo "2282"]
[Annotator "NA"]
[PlyCount "164"]
[EventDate "2019.12.29"]
[EventType "swiss"]
[EventCountry "RUS"]
[SourceTitle "playchess.com"]
[Source "ChessBase"]
[SourceQuality "1"]

1. Nf3 d5 2. c4 d4 3. g3 Nf6 4. Bg2 c5 5. d3 Nc6 6. e3 e5 7. O-O Be7 8. exd4 exd4 9. Re1 O-O 10. Na3 h6 11. Nc2 Bf5 12. Ne5 Nxe5 13. Rxe5 Bg4 14. Bf3 Bxf3 15. Qxf3 Qd7 16. Bf4 Bd6 17. Re2 Qf5 18. Kg2 Bxf4 19. Qxf4 Qxd3 20. Rae1 Qxc4 21. Ne3 Qxa2 22. Nf5 Qd5+ 23. Kg1 Qb3 24. Nxh6+ gxh6 25. Qxf6 Qb6 26. Qf5 Qg6 27. Qxc5 d3 28. Re3 d2 29. Rd1 Rfd8 30. Re2 Rac8 31. Qa5 b6 32. Qa1 Qc2 33. Kg2 Qc6+ 34. f3 Rd3 35. Rf2 Qd5 36. Qa4 Rc1 37. Qg4+ Kf8 38. Qb4+ Kg7 39. Rdxd2 Rc4 40. Rxd3 Qxd3 41. Qe1 Qd4 42. b3 Rc3 43. Rd2 Qc5 44. Qe2 Rc1 45. Kh3 Rg1 46. g4 Qc7 47. Qe4 Rc1 48. Qd4+ Kh7 49. Qe4+ Kg7 50. Re2 Rc5 51. Kg2 Qd6 52. b4 Rd5 53. Qe3 Qxb4 54. h4 Qd4 55. Qb3 Rd7 56. Re4 Qd5 57. Qc3+ Kh7 58. Re2 Qd4 59. Qc2+ Qd3 60. Qb2 Rd6 61. Kg3 Qd4 62. Qc2+ Kg7 63. Re8 b5 64. Qe2 b4 65. Kh3 Qf4 66. Qb2+ Rf6 67. Re2 Qxf3+ 68. Kh2 Kh7 69. Rg2 Qf4+ 70. Kh3 Qf3+ 71. Kh2 a5 72. Qc2+ Kg7 73. Qa2 Qf4+ 74. Kh3 Qe5 75. Rg3 Rf1 76. Qg2 Qa1 77. Qe2 Rh1+ 78. Kg2 Rg1+ 79. Kh2 Rxg3 80. Kxg3 Qc3+ 81. Kg2 b3 82. g5 Qc2 0-1

[Event "FIDE WCC Blitz Women 2019"]
[Site "Moscow"]
[Date "2019.12.30"]
[Round "15.25"]
[White "Bykova, Anastasia"]
[Black "Mamedjarova, Turkan"]
[Result "0-1"]
[WhiteElo "2107"]
[BlackElo "2273"]
[Annotator "NA"]
[PlyCount "120"]
[EventDate "2019.12.29"]
[EventType "swiss"]
[EventCountry "RUS"]
[SourceTitle "playchess.com"]
[Source "ChessBase"]
[SourceQuality "1"]

1. d4 d5 2. c4 e6 3. g3 Nf6 4. Nf3 c6 5. Bg2 Nbd7 6. Qc2 Bd6 7. Nbd2 O-O 8. e4 dxe4 9. Nxe4 Nxe4 10. Qxe4 Nf6 11. Qc2 Bb4+ 12. Bd2 Bxd2+ 13. Qxd2 Qe7 14. O-O Rd8 15. Qc2 c5 16. Rad1 Bd7 17. d5 exd5 18. cxd5 Qd6 19. Rfe1 Bg4 20. h3 Bh5 21. Rd2 b5 22. Ng5 Bg6 23. Qb3 Rab8 24. Qa3 a6 25. h4 Re8 26. Red1 Bh5 27. Rc1 b4 28. Qa5 Rb5 29. Qa4 h6 30. Nh3 Bg6 31. Bf1 Rb6 32. Nf4 Be4 33. Qa5 Rc8 34. Bc4 g5 35. hxg5 hxg5 36. Ng2 Kg7 37. Re1 Rh8 38. Qa4 Qe5 39. Qb3 Qf5 40. f4 Qh3 41. Bf1 Qh2+ 42. Kf2 Ng4+ 43. Ke2 Bxg2 44. Kd1 Bxf1 45. Rxh2 Rxh2 46. Rxf1 c4 47. Qf3 c3 48. b3 f5 49. fxg5 Rd6 50. Kc1 Rxa2 51. Kb1 Rb2+ 52. Kc1 Ra2 53. Kb1 Rd2 54. Qxf5 c2+ 55. Kc1 Rd1+ 56. Kxc2 Ne3+ 57. Kb2 Rd2+ 58. Kc1 Nxf5 59. Kxd2 Rxd5+ 60. Kc2 Ne3+ 0-1

[Event "FIDE WCC Blitz Women 2019"]
[Site "Moscow"]
[Date "2019.12.30"]
[Round "15.26"]
[White "Diakonova, Ekaterina"]
[Black "Mkrtchian, Lilit"]
[Result "0-1"]
[WhiteElo "2090"]
[BlackElo "2268"]
[Annotator "NA"]
[PlyCount "88"]
[EventDate "2019.12.29"]
[EventType "swiss"]
[EventCountry "RUS"]
[SourceTitle "playchess.com"]
[Source "ChessBase"]
[SourceQuality "1"]

1. e4 e6 2. d4 d5 3. Nd2 Be7 4. Bd3 c5 5. exd5 Qxd5 6. Ngf3 cxd4 7. Bc4 Qh5 8. Nxd4 Qxd1+ 9. Kxd1 a6 10. Ne4 Nf6 11. Nxf6+ Bxf6 12. Be3 b5 13. Bd3 Bb7 14. f3 Nd7 15. c3 Ne5 16. Be2 Nc4 17. Bxc4 bxc4 18. Kc2 O-O 19. b4 cxb3+ 20. axb3 g6 21. Ra5 e5 22. Ne2 Rfd8 23. c4 e4 24. f4 Rd3 25. Bb6 Rd6 26. c5 Rd3 27. Rd1 Re3 28. Rd2 Bc6 29. Nd4 Bd5 30. Nf5 Rc3+ 31. Kb1 Rxb3+ 32. Kc1 Rc3+ 33. Kb1 Bc4 34. Nd6 Bd3+ 35. Ka2 e3 36. Rd1 e2 37. Re1 Rc2+ 38. Kb3 Rd2 39. c6 Bb5 40. c7 Rxd6 41. Bc5 Rc6 42. Kb4 Bc3+ 43. Kxc3 Rxc5+ 44. Kd4 Rxc7 0-1